01147nmc a2200349 a 4500003000900000005001700009008004100026020001800067040001300085100002600098245004700124250001200171260006900183300001500252490002500267504002800292650002500320650002600345650002400371650002400395650001000419650003400429650002700463650002200490650001500512700002200527942000700549998001000556999001500566952010800581952010800689AR-BaBNM20251128204506.0286019s1993 ||||||||||||||000 | spa|| a950-36-0121-5 cAR-BaBNM1 aPalermo, Miguel Angel10aLos habitantes más antíguos del país a1ª ed. aBuenos AiresbCEALbSecretaría de Cultura de La Naciónc19930 a57 p.bil. 0aCuentos de mi país aContiene bibliografía 4aCONQUISTA DE AMERICA 4aABORIGENES ARGENTINOS 4aHOMBRE PREHISTORICO 4aMODOS DE PRODUCCION 4aINCAS 4aCONQUISTA DEL RIO DE LA PLATA 4aCONQUISTA DEL DESIERTO 4aLIBROS PARA NINOS 4aTEHUELCHES0 aHuadieilustrador cBK cisola c7628d7628 00102ddc4070aLPLbLPLd2025-11-28l0o398[82] C-CMP 11p092529r2025-11-28 20:45:06w2025-11-28yBK 00102ddc4070aLPLbLPLd2025-11-28l0o398[82] C-CMP 11p092530r2025-11-28 20:45:06w2025-11-28yBK